书目信息 |
| 题名: |
简明比较文学
|
|
| 作者: | 孙景尧 著 | |
| 分册: | ||
| 出版信息: | 北京 中国青年出版社 2003 |
|
| 页数: | 261页 | |
| 开本: | 21cm | |
| 丛书名: | ||
| 单 册: | ||
| 中图分类: | I0-03 | |
| 科图分类: | ||
| 主题词: | 比较文学 | |
| 电子资源: | ||
| ISBN: | 7-5006-5322-0 | |
| 000 | 00863nam0 2200229 45 | |
| 001 | 0900000012208 | |
| 005 | 20061205152724.90 | |
| 010 | @a7-5006-5322-0@dCNY14.00 | |
| 100 | @a20040913d2003 ekmy0chiy0120 ea | |
| 101 | 0 | @achi |
| 102 | @aCN@b110000 | |
| 105 | @ay az 000yy | |
| 200 | 1 | @a简明比较文学@Ajian ming bi jiao wen xue@e“自我”和“他者”的认知之道@f孙景尧著@FSun Jing Yao Zhu |
| 210 | @a北京@c中国青年出版社@d2003 | |
| 215 | @a261页@d21cm | |
| 330 | @a本书共十讲。介绍了比较文学的由来历史、基本概念、基本原理、种类任务和性质特点;讲解了比较文学研究的必要准备、基本步骤和学理要求;讲授比较文学各分支领域的研究方法和特点等内容。 | |
| 517 | 1 | @a“自我”和“他者”的认知之道@A“ zi wo ” he “ ta zhe ” de ren zhi zhi dao |
| 606 | 0 | @a比较文学 |
| 690 | @aI0-03@v4 | |
| 701 | 0 | @a孙景尧@4著 |
| 801 | 0 | @aCN@bCXYBOOK@c20061205 |
| 905 | @dI0-03@e160 | |
| 简明比较文学:“自我”和“他者”的认知之道/孙景尧著.-北京:中国青年出版社,2003 |
| 261页;21cm |
| ISBN 7-5006-5322-0:CNY14.00 |
| 本书共十讲。介绍了比较文学的由来历史、基本概念、基本原理、种类任务和性质特点;讲解了比较文学研究的必要准备、基本步骤和学理要求;讲授比较文学各分支领域的研究方法和特点等内容。 |
| ● |
| 相关链接 |
|
|
|
|
正题名:简明比较文学
索取号:I0-03/160
 
预约/预借
| 序号 | 登录号 | 条形码 | 馆藏地/架位号 | 状态 | 备注 |
| 1 | 0606849 | 206068495 | 第一样本阅览室/ [索取号:I0-03/160] | 在馆 | |
| 2 | 0606850 | 206068501 | 第二借阅区/ [索取号:I0-03/160] | 在馆 | |
| 3 | 0606851 | 206068510 | 第二借阅区/ [索取号:I0-03/160] | 在馆 | |
| 4 | 0606852 | 206068529 | 第二借阅区/ [索取号:I0-03/160] | 在馆 | |
| 5 | 0606853 | 206068538 | 第二借阅区/ [索取号:I0-03/160] | 在馆 | |
| 6 | 0606854 | 206068547 | 第二借阅区/ [索取号:I0-03/160] | 在馆 | |
| 7 | 0606855 | 206068556 | 第二借阅区/ [索取号:I0-03/160] | 在馆 | |
| 8 | 0606856 | 206068565 | 第二借阅区/ [索取号:I0-03/160] | 在馆 |